| 000 | 00891cam a22001934a 4500 | ||
|---|---|---|---|
| 005 | 20250605164117.0 | ||
| 008 | 250528s ||||||||||||||||||||||||d | ||
| 035 | _a18113 | ||
| 020 | _a136290310 | ||
| 040 |
_aGR-AtMCL _bgre _dGR-AtMCL _eAACR2 |
||
| 245 | 1 | _aObject-Oriented Software Construction / Prentice Hall International Series in Computer Series | |
| 260 |
_bPrentice Hall, _c1988 |
||
| 300 | _a534 | ||
| 520 | _aThis book provides an in-depth presentation of the methods and techniques of object-oriented design, based on a careful assessment of the underlying software engineering issues. Preface, Syntax Notation, Issues and Principles, Techniques of Object-Oriented Design and Programming, Applying Object-Oriented Techniques in Other Environments, Appendices, Bibliography, Index. | ||
| 700 | 1 |
_aMeyer Bertrand _94404 |
|
| 942 | _cBK | ||
| 999 |
_c3497 _d3497 |
||